| 000 | 00666nam a22002177a 4500 | ||
|---|---|---|---|
| 003 | 0 | ||
| 005 | 20250930112241.0 | ||
| 008 | 250930b xxu||||| |||| 00| 0 eng d | ||
| 020 | _a978-93-5751-972-4 | ||
| 050 |
_aRC 454 _b.J64 2025 |
||
| 100 |
_aJohnson, Oliver, _eauthor. |
||
| 245 |
_aPsychopathology : _ban introduction / _cOliver Johnson. |
||
| 250 | _aFirst edition. | ||
| 260 |
_aNew Delhi, India : _bRandom Publications LLP, _c2025. |
||
| 300 |
_aix, 272 pages ; _c24 cm. |
||
| 504 | _aIncludes bibliographical references and index. | ||
| 650 | _aPsychopathology. | ||
| 650 | _aMental illness. | ||
| 650 | _aPsychology, Pathological. | ||
| 942 |
_2lcc _cBK |
||
| 999 |
_c368152 _d368152 |
||